000 00632nam a2200229 i 4500
001 C2-0223865
003 PPAK
005 20180728152605.0
008 000308s1979 enka|||| ||||| | eng d
020 _a0715378341
040 _aPPAK
_beng
_cPPAK
_erda
082 0 4 _a598.2941
_223
090 0 0 _a598.2941
_bRIC
_dKSA
100 1 _aRichards, Alan J.,
_eauthor
245 1 0 _aBritish birds :
_ba field guide
264 1 _aLondon :
_bDavid & Charles ,
_c1979
300 _a192 pages :
_billustrations ;
_c22 cm
336 _2rdacontent
_atext
337 _2rdamedia
_aunmediated
338 _2rdacarrier
_avolume
942 _ddc
_cB
999 _c144915
_d144915